Paul and palestinian judaism (Record no. 15814)

000 -LEADER
fixed length control field 00490nam a2200169 a 4500
001 - CONTROL NUMBER
control field :::00017117$&:&@@
003 - CONTROL NUMBER IDENTIFIER
control field OkBaRHE
005 - DATE AND TIME OF LATEST TRANSACTION
control field 20100326135701.0
008 - FIXED-LENGTH DATA ELEMENTS--GENERAL INFORMATION
fixed length control field j 000 0 eng u
020 ## - INTERNATIONAL STANDARD BOOK NUMBER
International Standard Book Number 0-8006-0499-7
040 ## - CATALOGING SOURCE
Transcribing agency
100 1# - MAIN ENTRY--PERSONAL NAME
Personal name Sanders, E. P.
245 10 - TITLE STATEMENT
Title Paul and palestinian judaism
260 ## - PUBLICATION, DISTRIBUTION, ETC. (IMPRINT)
Place of publication, distribution, etc Rhiladelphia
Name of publisher, distributor, etc Fortress Press
942 ## - ADDED ENTRY ELEMENTS (KOHA)
Source of classification or shelving scheme
Koha item type Books
Copies
Koha item type Barcode Lost status Not for loan Date acquired Price effective from Withdrawn status Date last seen Shelving location Full call number Copy number Permanent Location Source of classification or shelving scheme Damaged status
Books17117  2010-04-142010-04-14 2010-04-14General StacksBM 177 .S2 19771RHEMA Bible Training College